000 00606nam a22002177a 4500
003 Ost
005 20260407074138.0
008 260407b |||||||| |||| 00| 0 eng d
020 _a9780852968970
040 _cBT-PhCST
050 _a25859
082 _222
_a621.31028563
_bWAR
100 _aWarwick, Kevin.
245 _aArtificial intelligence techniques in power systems /
260 _aUnited Kingdom :
_bIET Power and Energy,
_cc2008.
300 _axviii, 302 p. :
_bill. ;
_c24 cm.
500 _aIncludes index.
700 _aEkwue, Arthur.
700 _aAggarwal, Raj.
942 _2ddc
_cEE
999 _c10231
_d10231